[Event "XVI Abierto de la Constitucion"]
[Site "San Sebastian de los Reyes"]
[Date "2014.12.03"]
[Round "4.21"]
[White "Rodenas Riesco, Alfonso"]
[Black "Rodriguez Bachiller, Luis"]
[Result "0-1"]
[WhiteElo "1551"]
[BlackElo "1724"]
[PlyCount "64"]
[EventDate "2014.11.30"]

1. d4 Nf6 2. c4 g6 3. Nc3 c5 4. Nf3 cxd4 5. Nxd4 Nc6 6. g3 Bg7 7. Bg2 O-O 8.
O-O Ne8 9. Nxc6 bxc6 10. Rb1 Nc7 11. Ne4 Rb8 12. b3 Ba6 13. Nc5 Bc8 14. Bb2
Bxb2 15. Rxb2 d6 16. Rd2 Qe8 17. Ne4 Bb7 18. Ng5 h6 19. Nf3 c5 20. Rd3 a5 21.
Qd2 a4 22. Qxh6 Bxf3 23. Bxf3 axb3 24. axb3 Ne6 25. h4 Nd4 26. Be4 Rxb3 27. h5
Rxd3 28. hxg6 Nxe2+ 29. Kg2 fxg6 30. Bxd3 Rf6 31. Rh1 Qc6+ 32. Kf1 Nxg3+ 0-1

[Event "XVI Abierto de la Constitucion"]
[Site "San Sebastian de los Reyes"]
[Date "2014.12.03"]
[Round "4.22"]
[White "Gomez Escurin, Jose Manuel"]
[Black "Mehalingam, Karunanithi"]
[Result "0-1"]
[WhiteElo "1326"]
[BlackElo "1443"]
[PlyCount "41"]
[EventDate "2014.11.30"]

1. e4 e5 2. Nf3 Nc6 3. d4 exd4 4. Nxd4 Qf6 5. Be3 Bc5 6. c3 Nge7 7. Bc4 O-O 8.
O-O a6 9. a4 b6 10. b4 Bd6 11. Qf3 Qe5 12. Qh3 Qxe4 13. Nd2 Qg6 14. f4 Nxd4 15.
Bxd4 c5 16. Be5 Bxe5 17. fxe5 d5 18. exd6 Bxh3 19. g3 Qxd6 20. Ne4 Qg6 21. Rfd1
0-1

[Event "XVI Abierto de la Constitucion"]
[Site "San Sebastian de los Reyes"]
[Date "2014.12.04"]
[Round "5.2"]
[White "Martin Duque, Jesus"]
[Black "Valles Moreno, Ivan"]
[Result "0-1"]
[WhiteElo "2357"]
[BlackElo "2391"]
[PlyCount "42"]
[EventDate "2014.11.30"]

1. e4 e5 2. Nf3 Nc6 3. Nc3 Nf6 4. Bb5 Bb4 5. O-O O-O 6. d3 Bxc3 7. bxc3 d6 8.
Bxc6 bxc6 9. h3 Nd7 10. Re1 Nb6 11. c4 f5 12. c5 Na4 13. Ba3 Nc3 14. Qd2 fxe4
15. dxe4 Rxf3 16. gxf3 Bxh3 17. Kh2 Qh4 18. Qxc3 Rf8 19. Re3 Rf4 20. Kh1 Qxf2
21. Qb3+ d5 0-1

[Event "XVI Abierto de la Constitucion"]
[Site "San Sebastian de los Reyes"]
[Date "2014.12.04"]
[Round "5.3"]
[White "Perez Mitjans, Orelvis"]
[Black "Cervino Rossel, Cristobal"]
[Result "1-0"]
[WhiteElo "2463"]
[BlackElo "2087"]
[PlyCount "91"]
[EventDate "2014.11.30"]

1. e4 e5 2. Nf3 Nc6 3. Bb5 a6 4. Ba4 d6 5. O-O Nf6 6. Re1 Be7 7. c3 b5 8. Bb3
O-O 9. h3 Na5 10. Bc2 c5 11. d4 Qc7 12. d5 c4 13. Nbd2 Re8 14. Nf1 Bf8 15. Bg5
Nd7 16. Ng3 h6 17. Be3 g6 18. Qd2 Kh7 19. Nh2 Nf6 20. f4 exf4 21. Bxf4 Nb7 22.
Rf1 Bg7 23. Be3 Re7 24. Bd4 Ne8 25. Rf2 Be5 26. Qe3 Nc5 27. Raf1 Ng7 28. Bxe5
dxe5 29. Rf6 Nb7 30. Nf5 Bxf5 31. exf5 e4 32. fxg6+ fxg6 33. Bxe4 Kg8 34. Ng4
Qc5 35. Nxh6+ Kh8 36. Qxc5 Nxc5 37. Bxg6 Nd7 38. d6 Re1 39. Rxe1 Nxf6 40. Re7
Nd5 41. Rb7 Nf4 42. Be4 Nfe6 43. Rxg7 Kxg7 44. Bxa8 Kxh6 45. Bb7 Nc5 46. Bxa6
1-0

[Event "XVI Abierto de la Constitucion"]
[Site "San Sebastian de los Reyes"]
[Date "2014.12.04"]
[Round "5.4"]
[White "Cabañas Bravo, Juan Andres"]
[Black "Quevedo Marin, Manuel"]
[Result "0-1"]
[WhiteElo "2058"]
[BlackElo "2192"]
[PlyCount "38"]
[EventDate "2014.11.30"]

1. e4 e5 2. d4 exd4 3. c3 d5 4. exd5 Qxd5 5. cxd4 Nc6 6. Nf3 Nf6 7. Be2 Bb4+ 8.
Nc3 Ne4 9. Qd3 Bf5 10. Qe3 O-O 11. O-O Nxc3 12. bxc3 Rfe8 13. Ne5 Nxe5 14. cxb4
Nc6 15. Bf3 Qxd4 16. Qxd4 Nxd4 17. Bxb7 Rab8 18. g4 Bxg4 19. Bg2 Be2 0-1

[Event "XVI Abierto de la Constitucion"]
[Site "San Sebastian de los Reyes"]
[Date "2014.12.04"]
[Round "5.5"]
[White "Bustos Serrano, Doroteo"]
[Black "Cardenas Serrano, Sergio"]
[Result "0-1"]
[WhiteElo "2057"]
[BlackElo "2100"]
[PlyCount "60"]
[EventDate "2014.11.30"]

1. e4 e6 2. d4 d5 3. e5 c5 4. c3 Nc6 5. Nf3 Qb6 6. a3 Nh6 7. Bd3 Bd7 8. dxc5
Bxc5 9. O-O Ng4 10. Qe2 f6 11. exf6 Nxf6 12. b4 Bd6 13. Bb2 O-O 14. c4 dxc4 15.
Bxc4 Kh8 16. Nbd2 Rae8 17. Rad1 Qc7 18. Ne4 Be7 19. Neg5 Ng4 20. Rxd7 Qxd7 21.
Qe4 Bxg5 22. Nxg5 Nf6 23. Qh4 h6 24. Nf3 e5 25. h3 e4 26. Nh2 Ne5 27. Bb3 Qd3
28. Ba4 Ng6 29. Qg3 Qxg3 30. fxg3 Re7 0-1

[Event "XVI Abierto de la Constitucion"]
[Site "San Sebastian de los Reyes"]
[Date "2014.12.04"]
[Round "5.6"]
[White "De La Orden Alcocer, Alejandro"]
[Black "Alfaya Marcelo, Roberto"]
[Result "0-1"]
[WhiteElo "1959"]
[BlackElo "1995"]
[PlyCount "83"]
[EventDate "2014.11.30"]

1. c4 Nf6 2. g3 c5 3. Nc3 Nc6 4. Bg2 e6 5. Nf3 d5 6. cxd5 Nxd5 7. d4 Be7 8. O-O
O-O 9. Nxd5 exd5 10. dxc5 Bxc5 11. b3 Qf6 12. Bg5 Qf5 13. Qd2 d4 14. Rac1 Bb4
15. Qc2 h6 16. Bd2 Ba3 17. Qxf5 Bxf5 18. Rxc6 bxc6 19. Nxd4 Bg6 20. Bxc6 Rac8
21. Bb5 Bc5 22. e3 Bxd4 23. exd4 Rc2 24. Be3 Be4 25. a4 Bd5 26. Bc4 Bxc4 27.
bxc4 Rxc4 28. Ra1 Rd8 29. a5 Rd5 30. h4 Rc6 31. Rb1 Ra6 32. Bd2 Rxd4 33. Be1
Re6 34. Kg2 a6 35. Bc3 Rc4 36. Rb3 Kh7 37. Bd2 Ra4 38. Rd3 Ra2 39. Bb4 Ree2 40.
Rf3 f6 41. Kf1 Reb2 42. Bc3 0-1

[Event "XVI Abierto de la Constitucion"]
[Site "San Sebastian de los Reyes"]
[Date "2014.12.04"]
[Round "5.7"]
[White "Martin Rodriguez, Emilio"]
[Black "Garcia Lopez, Fernando"]
[Result "1-0"]
[WhiteElo "2086"]
[BlackElo "1643"]
[PlyCount "49"]
[EventDate "2014.11.30"]

1. d4 Nf6 2. c4 e6 3. Nc3 d5 4. Nf3 c6 5. Bg5 Nbd7 6. cxd5 cxd5 7. e3 Be7 8.
Bd3 h6 9. Bf4 Nh5 10. Bg3 Nxg3 11. hxg3 Qb6 12. Qc2 Bd6 13. g4 Nf8 14. g5 h5
15. g4 g6 16. gxh5 Bd7 17. O-O-O Rc8 18. hxg6 Nxg6 19. Bxg6 Rxh1 20. Bxf7+ Kxf7
21. Rxh1 Ke7 22. Rh7+ Kd8 23. Rh8+ Kc7 24. Nxd5+ Kb8 25. Rxc8+ 1-0

[Event "XVI Abierto de la Constitucion"]
[Site "San Sebastian de los Reyes"]
[Date "2014.12.04"]
[Round "5.8"]
[White "Martinez Miura, Enrique"]
[Black "Largo Barbero, Benito"]
[Result "1/2-1/2"]
[WhiteElo "1721"]
[BlackElo "1929"]
[PlyCount "141"]
[EventDate "2014.11.30"]

1. e4 g6 2. d4 d6 3. Nf3 Bg7 4. h3 Nf6 5. Bd3 c6 6. O-O O-O 7. c3 Nbd7 8. Re1
e5 9. dxe5 dxe5 10. Be3 Nh5 11. Qd2 Nb6 12. Na3 Nf4 13. Bf1 Qxd2 14. Bxd2 Be6
15. Ng5 Bd7 16. g3 Ne6 17. Nf3 Rfd8 18. Nc4 Nxc4 19. Bxc4 b5 20. Bf1 Nc5 21.
Kg2 Be6 22. b3 Rd7 23. c4 Nd3 24. Bxd3 Rxd3 25. cxb5 cxb5 26. Be3 h6 27. Rac1
f5 28. exf5 gxf5 29. Red1 Rad8 30. Rxd3 Rxd3 31. Ne1 Rd7 32. h4 a6 33. Kf1 Bd5
34. Ke2 Kh7 35. Rc5 Bf8 36. Rc8 Bd6 37. Nd3 Rf7 38. Rd8 Rf6 39. Nxe5 Bxe5 40.
Rxd5 Bb2 41. Bd4 Bxd4 42. Rxd4 Re6+ 43. Kf3 Kg6 44. a4 bxa4 45. bxa4 h5 46. a5
Rc6 47. Rb4 Rc3+ 48. Kg2 Kf7 49. Rb6 Kg7 50. Rxa6 Ra3 51. Ra8 Ra4 52. a6 f4 53.
a7 fxg3 54. fxg3 Ra3 55. Kf2 Kh7 56. Ke2 Kg7 57. Kd2 Kh7 58. Kc2 Kg7 59. Kb2
Ra6 60. Kc3 Ra1 {=} 61. Kc4 Ra4+ 62. Kc5 Ra1 63. Kb6 Rb1+ 64. Kc6 Rc1+ 65. Kd6
Rd1+ 66. Ke5 Ra1 67. Kf5 Ra5+ {=} 68. Ke6 Ra6+ 69. Kd7 Ra1 70. Kc6 Rc1+ 71. Kd5
1/2-1/2

[Event "XVI Abierto de la Constitucion"]
[Site "San Sebastian de los Reyes"]
[Date "2014.12.04"]
[Round "5.9"]
[White "Aziz Ortego, Omar Luis"]
[Black "De Dompablo Fantova, Juan"]
[Result "1-0"]
[WhiteElo "2103"]
[BlackElo "1737"]
[PlyCount "65"]
[EventDate "2014.11.30"]

1. e4 c5 2. c4 Nc6 3. Ne2 Nf6 4. Nbc3 g6 5. d4 cxd4 6. Nxd4 d6 7. Nc2 Bg7 8.
Be2 O-O 9. O-O Bd7 10. Kh1 Rc8 11. Be3 Ne5 12. Na3 a6 13. f4 Nc6 14. g4 Ne8 15.
Rb1 e5 16. f5 Nd4 17. Nc2 Nxe2 18. Qxe2 Bc6 19. Nb4 Nf6 20. Nxc6 bxc6 21. g5
Nh5 22. f6 Bh8 23. Qg4 h6 24. Rf2 hxg5 25. Bxg5 Bxf6 26. Rxf6 Qb6 27. Rxd6 Qc5
28. Rbd1 Qxc4 29. Bh6 Kh7 30. Be3 Kg7 31. Qxh5 gxh5 32. Rg1+ Kh7 33. Rh6# 1-0

[Event "XVI Abierto de la Constitucion"]
[Site "San Sebastian de los Reyes"]
[Date "2014.12.04"]
[Round "5.10"]
[White "Ruiz Sanchez, Roberto"]
[Black "Ojosnegros Martin, Angel"]
[Result "1-0"]
[WhiteElo "1940"]
[BlackElo "1501"]
[PlyCount "55"]
[EventDate "2014.11.30"]

1. d4 d5 2. Nf3 e6 3. c4 Nf6 4. Nc3 Nbd7 5. e3 b6 6. cxd5 exd5 7. Bd3 Bb7 8.
O-O Be7 9. b3 O-O 10. Bb2 c5 11. Rc1 Re8 12. Ba3 Bf8 13. Bf5 Ba6 14. Re1 g6 15.
Bxd7 Qxd7 16. dxc5 bxc5 17. Na4 Ne4 18. Nxc5 Nxc5 19. Bxc5 Bh6 20. Bd4 Bg7 21.
Bxg7 Kxg7 22. Qd4+ Kg8 23. Ne5 Qe6 24. Ng4 Rec8 25. Nf6+ Kg7 26. Nxd5+ f6 27.
Nc7 Rxc7 28. Rxc7+ 1-0

[Event "XVI Abierto de la Constitucion"]
[Site "San Sebastian de los Reyes"]
[Date "2014.12.04"]
[Round "5.11"]
[White "Perez Cameselle, Francisco"]
[Black "Campomanes Rodriguez, Javier"]
[Result "1/2-1/2"]
[WhiteElo "1852"]
[BlackElo "1726"]
[PlyCount "132"]
[EventDate "2014.11.30"]

1. d4 Nf6 2. c4 e6 3. g3 Bb4+ 4. Bd2 Be7 5. Bg2 d5 6. Nf3 O-O 7. Qc2 c6 8. O-O
Nbd7 9. b3 Ne4 10. Bf4 Ndf6 11. Nc3 Nxc3 12. Qxc3 Ne4 13. Qc2 g5 14. Be3 f6 15.
Nd2 Nxd2 16. Qxd2 f5 17. cxd5 exd5 18. Rfc1 Be6 19. a4 a5 20. Rc2 h6 21. h4 Rf7
22. hxg5 hxg5 23. f4 Rg7 24. Kf2 Bb4 25. Qd3 Be7 26. Rh1 Bf6 27. Rcc1 Qe7 28.
Rh6 Kf7 29. Rch1 Rag8 30. Rh7 Ke8 31. Rh8 Kd7 32. Rxg8 Rxg8 33. fxg5 Bxg5 34.
Rh5 Bxe3+ 35. Qxe3 Qg7 36. Rh6 Re8 37. Qf4 Rh8 38. Rxh8 Qxh8 39. e3 Qf8 40. g4
Qd6 41. Qxd6+ Kxd6 42. g5 b6 43. Kg3 c5 44. Bf3 c4 45. Bd1 Bd7 46. Kf4 Ke6 47.
Bc2 Kd6 48. g6 Ke7 49. Kg5 Be6 50. bxc4 dxc4 51. e4 fxe4 52. Bxe4 c3 53. Bc2
Bg8 54. Kf5 Be6+ 55. Ke5 Bd7 56. d5 Ke8 57. Kd4 b5 58. axb5 Bxb5 59. Kxc3 Ke7
60. Kd4 Kf6 61. Kc5 Be8 62. d6 a4 63. Kb4 Ke6 64. g7 Bf7 65. Bxa4 Kxd6 66. Bb3
Ke7 1/2-1/2

[Event "XVI Abierto de la Constitucion"]
[Site "San Sebastian de los Reyes"]
[Date "2014.12.04"]
[Round "5.12"]
[White "Minguela Muñoz, Bienvenido"]
[Black "Yeves Miquel, Enrique"]
[Result "0-1"]
[WhiteElo "1717"]
[BlackElo "1732"]
[PlyCount "88"]
[EventDate "2014.11.30"]

1. Nf3 c5 2. g3 Nc6 3. e4 g6 4. Bg2 Bg7 5. O-O e5 6. d3 Nge7 7. Be3 d6 8. c3
O-O 9. Qd2 b5 10. Na3 Rb8 11. Bh6 a6 12. Nc2 a5 13. Bxg7 Kxg7 14. Nfe1 d5 15.
Rd1 Be6 16. Qe2 dxe4 17. dxe4 Qb6 18. Ne3 Bxa2 19. f4 Bb3 20. Rd6 Rbd8 21. fxe5
Qb8 22. Nd3 Rxd6 23. exd6 Qxd6 24. Nf4 b4 25. Qf2 Ne5 26. h4 h5 27. Bh3 f6 28.
g4 hxg4 29. Nxg4 Nxg4 30. Bxg4 bxc3 31. bxc3 a4 32. h5 g5 33. Nh3 Nc6 34. Bf5
Ne5 35. h6+ Kh8 36. Qg3 Qd3 37. Qg2 Qe3+ 38. Rf2 Rd8 39. Nf4 Bf7 40. Kh2 c4 41.
Ne2 Rd2 42. Kh1 Nd3 43. Kg1 Rd1+ 44. Kh2 Nxf2 0-1

[Event "XVI Abierto de la Constitucion"]
[Site "San Sebastian de los Reyes"]
[Date "2014.12.04"]
[Round "5.13"]
[White "Asins Martin, Jose"]
[Black "Alvarez Gonzalez, Eduardo"]
[Result "0-1"]
[WhiteElo "1264"]
[BlackElo "1831"]
[PlyCount "82"]
[EventDate "2014.11.30"]

1. Nf3 Nf6 2. c4 e6 3. d4 b6 4. Nc3 Bb7 5. g3 Bb4 6. Bd2 O-O 7. Bg2 Bxc3 8.
Bxc3 d6 9. O-O Ne4 10. Qd3 Nxc3 11. Qxc3 Nd7 12. Rfe1 Nf6 13. Nd2 Bxg2 14. Kxg2
Nd7 15. e4 e5 16. d5 Qg5 17. b4 f5 18. Qe3 f4 19. Qf3 fxg3 20. Qxg3 Qxd2 21. a3
Rf6 22. Qe3 Qxe3 23. Rxe3 a5 24. bxa5 Rxa5 25. a4 Nc5 26. h4 Rf4 27. Kh3 Nxe4
28. f3 Nd2 29. Rg1 Rxa4 30. Rg5 Raxc4 31. Ra3 Rxf3+ 32. Rxf3 Nxf3 33. Rg3 Nxh4
34. Ra3 Nf5 35. Ra8+ Kf7 36. Rh8 h6 37. Ra8 Ne3 38. Ra1 Nxd5 39. Rf1+ Nf4+ 40.
Kh2 Rc2+ 41. Kg1 g5 0-1

[Event "XVI Abierto de la Constitucion"]
[Site "San Sebastian de los Reyes"]
[Date "2014.12.04"]
[Round "5.14"]
[White "Rodriguez Bachiller, Luis"]
[Black "Hidalgo Prado, David"]
[Result "0-1"]
[WhiteElo "1724"]
[BlackElo "1449"]
[PlyCount "96"]
[EventDate "2014.11.30"]

1. Nf3 e6 2. c4 Nf6 3. Nc3 c6 4. d4 d5 5. e3 Bd6 6. Be2 O-O 7. O-O Nbd7 8. Qc2
Re8 9. Re1 Nf8 10. a3 Qc7 11. c5 Be7 12. b4 a6 13. Na4 N6d7 14. Bb2 Bf6 15. Bd3
g6 16. Nc3 e5 17. dxe5 Nxe5 18. Nxe5 Bxe5 19. g3 Bh3 20. Ne2 Ne6 21. Nf4 Nxf4
22. exf4 Bxb2 23. Qxb2 Re7 24. Re5 Rae8 25. Rae1 f6 26. Rxe7 Rxe7 27. Rxe7 Qxe7
28. Qe2 Qxe2 29. Bxe2 Bf5 30. Kf1 g5 31. fxg5 fxg5 32. Ke1 Kf7 33. Kd2 Kf6 34.
Ke3 Ke5 35. f4+ gxf4+ 36. gxf4+ Kf6 37. Kd4 Bg6 38. Bg4 Bf5 39. h3 Ke6 40. a4
Kf6 41. b5 axb5 42. axb5 Ke6 43. b6 Kf6 44. Ke3 Kg6 45. Bf3 Bxh3 46. Bxd5 cxd5
47. Kd4 Bd7 48. Kxd5 Kf5 0-1

[Event "XVI Abierto de la Constitucion"]
[Site "San Sebastian de los Reyes"]
[Date "2014.12.04"]
[Round "5.15"]
[White "Doval Mancheño, Pablo"]
[Black "Karunanithi, Bharath"]
[Result "1-0"]
[WhiteElo "1458"]
[BlackElo "1182"]
[PlyCount "89"]
[EventDate "2014.11.30"]

1. e4 e5 2. Nf3 Nc6 3. Bc4 Nf6 4. d3 Be7 5. Nc3 O-O 6. Be3 d6 7. h3 Be6 8. Bb3
Qd7 9. Qe2 Rae8 10. Ng5 h6 11. Nxe6 fxe6 12. O-O d5 13. exd5 exd5 14. Qf3 Kh8
15. Bxd5 Nxd5 16. Qxd5 Qxd5 17. Nxd5 Bd6 18. c4 e4 19. c5 Be5 20. dxe4 Bxb2 21.
Rab1 Bf6 22. f3 b6 23. Nxc7 Rb8 24. cxb6 axb6 25. Rxb6 Bd4 26. Bxd4 Nxd4 27.
Rxb8 Rxb8 28. Rd1 Ne2+ 29. Kf1 Rb2 30. Ne6 Rxa2 31. Rd8+ Kh7 32. Rd7 Ng3+ 33.
Kg1 Ne2+ 34. Kh2 Ra6 35. Nxg7 Kh8 36. Nf5 Rg6 37. Rd8+ Kh7 38. Nh4 Rg5 39. Rd5
Rg7 40. Nf5 Rg5 41. Rd7+ Kh8 42. h4 Rh5 43. g4 Rxf5 44. exf5 Nf4 45. Rd2 1-0

[Event "XVI Abierto de la Constitucion"]
[Site "San Sebastian de los Reyes"]
[Date "2014.12.04"]
[Round "5.17"]
[White "Martin Rodriguez, Jose Luis"]
[Black "Gomez Escurin, Jose Manuel"]
[Result "1-0"]
[WhiteElo "1411"]
[BlackElo "1326"]
[PlyCount "105"]
[EventDate "2014.11.30"]

1. e4 e6 2. d4 d5 3. Nc3 c5 4. exd5 exd5 5. dxc5 d4 6. Ne4 Nf6 7. Bd3 Bxc5 8.
Nxc5 Qa5+ 9. Bd2 Qxc5 10. a3 Qd5 11. Qf3 Qxf3 12. Nxf3 Nc6 13. Bg5 Nd5 14. Bb5
Bd7 15. Bxc6 Bxc6 16. Nxd4 Bd7 17. O-O-O Nb6 18. Rhe1+ Be6 19. Nxe6 fxe6 20.
Rxe6+ Kf7 21. Re7+ Kg6 22. Bh4 h6 23. Rxb7 Rae8 24. Rxa7 Re2 25. Ra6 Kh5 26.
Rxb6 Kxh4 27. Rb4+ Kh5 28. Rbd4 Rf8 29. R4d2 Rfxf2 30. Rxe2 Rxe2 31. Rg1 g5 32.
a4 Kg6 33. a5 Kf6 34. b4 Ke7 35. Kb2 Kd6 36. Kb3 Kc6 37. Kc3 Kb5 38. Kd3 Rf2
39. c3 g4 40. Ke3 Rc2 41. Kd3 Rf2 42. Ra1 Ka6 43. b5+ Ka7 44. c4 g3 45. hxg3
Rxg2 46. Rh1 Rxg3+ 47. Kd4 Rg4+ 48. Kc3 Rg6 49. Rh5 Kb7 50. Kd4 Rg4+ 51. Kd5
Rg5+ 52. Rxg5 hxg5 53. Ke5 1-0

[Event "XVI Abierto de la Constitucion"]
[Site "San Sebastian de los Reyes"]
[Date "2014.12.05"]
[Round "6.1"]
[White "Valles Moreno, Ivan"]
[Black "Hernando Pertierra, Jose C."]
[Result "1-0"]
[WhiteElo "2391"]
[BlackElo "2382"]
[PlyCount "79"]
[EventDate "2014.11.30"]

1. e4 c6 2. d4 d5 3. e5 Bf5 4. Nf3 e6 5. Be2 c5 6. Be3 Ne7 7. dxc5 Nec6 8. c4
Be4 9. cxd5 exd5 10. Nc3 Bxf3 11. Bxf3 d4 12. Bxd4 Nxd4 13. Bxb7 Nbc6 14. Qa4
Rc8 15. O-O-O Bxc5 16. Bxc6+ Rxc6 17. Rxd4 Qc8 18. Rc4 O-O 19. Nd5 Re8 20. f4
Qe6 21. Rd1 Rec8 22. Kb1 h5 23. Qc2 Bf8 24. Rxc6 Rxc6 25. f5 Qc8 26. Qe4 Rc4
27. Qd3 Rg4 28. Ne3 Rb4 29. Nd5 Rg4 30. g3 Qb8 31. e6 fxe6 32. fxe6 Qe5 33. Nf4
h4 34. Qd5 Qxd5 35. Rxd5 hxg3 36. hxg3 Be7 37. Rd7 Bg5 38. Nh5 Kh7 39. Nxg7 Kg6
40. e7 1-0

[Event "XVI Abierto de la Constitucion"]
[Site "San Sebastian de los Reyes"]
[Date "2014.12.05"]
[Round "6.2"]
[White "Cardenas Serrano, Sergio"]
[Black "Perez Mitjans, Orelvis"]
[Result "0-1"]
[WhiteElo "2100"]
[BlackElo "2463"]
[PlyCount "102"]
[EventDate "2014.11.30"]

1. e4 e5 2. Nf3 Nc6 3. Bc4 Nf6 4. d4 exd4 5. e5 d5 6. Bb5 Ne4 7. Nxd4 Bc5 8.
O-O O-O 9. Bxc6 bxc6 10. f3 Ng5 11. c3 Bd7 12. f4 Ne4 13. Nd2 f5 14. Nxe4 fxe4
15. Be3 Qe7 16. Qd2 a5 17. Qf2 Bb6 18. Nb3 a4 19. Nc5 Bf5 20. b4 h5 21. h4 Bg4
22. a3 Rf5 23. g3 Kf7 24. Rfe1 Bxc5 25. Bxc5 Qe6 26. Re3 Rh8 27. Kf1 Qc8 28.
Ke1 Ke6 29. Ra2 Qe8 30. Rd2 g5 31. hxg5 h4 32. gxh4 Qf7 33. Rxe4 Qh7 34. Red4
Rf7 35. Rb2 Qxh4 36. Qxh4 Rxh4 37. Rf2 Rh1+ 38. Rf1 Rh3 39. c4 Rfh7 40. g6 Rg7
41. b5 dxc4 42. bxc6 c3 43. Rd7 Rxg6 44. Rxc7 Kd5 45. Bb4 Re3+ 46. Kf2 Re2+ 47.
Kg3 Ke4 48. Be7 Re3+ 49. Kf2 Rf3+ 50. Ke1 Rxf1+ 51. Kxf1 c2 0-1

[Event "XVI Abierto de la Constitucion"]
[Site "San Sebastian de los Reyes"]
[Date "2014.12.05"]
[Round "6.3"]
[White "Quevedo Marin, Manuel"]
[Black "Roa Alonso, Santiago"]
[Result "1/2-1/2"]
[WhiteElo "2192"]
[BlackElo "2387"]
[PlyCount "31"]
[EventDate "2014.11.30"]

1. e4 d6 2. d4 Nf6 3. Nc3 g6 4. Nf3 Bg7 5. Be2 O-O 6. O-O c6 7. a4 Nbd7 8. a5
Qc7 9. Be3 Rd8 10. Re1 Rb8 11. Nd2 d5 12. e5 Ne8 13. f4 Nf8 14. Bd3 f6 15. Qf3
Be6 16. Bf2 1/2-1/2

[Event "XVI Abierto de la Constitucion"]
[Site "San Sebastian de los Reyes"]
[Date "2014.12.05"]
[Round "6.4"]
[White "Alfaya Marcelo, Roberto"]
[Black "Martin Duque, Jesus"]
[Result "0-1"]
[WhiteElo "1995"]
[BlackElo "2357"]
[PlyCount "116"]
[EventDate "2014.11.30"]

1. Nf3 Nf6 2. c4 c6 3. b3 d5 4. e3 Bf5 5. Bb2 e6 6. Be2 h6 7. O-O Nbd7 8. d4
Bd6 9. Nbd2 Qb8 10. a4 Ne4 11. h3 O-O 12. Nxe4 Bxe4 13. Ba3 a5 14. Bxd6 Qxd6
15. c5 Qe7 16. Qd2 Rfb8 17. b4 Bxf3 18. Bxf3 b6 19. Rfc1 axb4 20. Qxb4 bxc5 21.
Qa3 Ra5 22. Bd1 Qf8 23. dxc5 Nxc5 24. Rc3 Rba8 25. Rac1 Nxa4 26. Qxf8+ Kxf8 27.
Bxa4 Rxa4 28. Rxc6 Ke7 29. Rc7+ Kf6 30. Rb7 Ra1 31. Rbb1 Rxb1 32. Rxb1 g5 33.
g3 Ke5 34. Rb7 f5 35. Rh7 Ke4 36. Kg2 f4 37. gxf4 gxf4 38. Rxh6 f3+ 39. Kg1 Kd3
40. Rxe6 Ke2 41. Kh2 Kxf2 42. Rd6 Ke2 43. Rxd5 f2 44. Rf5 f1=Q 45. Rxf1 Kxf1
46. Kg3 Ke2 47. Kf4 Rf8+ 48. Kg5 Kxe3 49. h4 Ke4 50. h5 Ke5 51. Kg6 Ke6 52. Kg7
Ra8 53. h6 Ra7+ 54. Kg6 Ra1 55. h7 Rg1+ 56. Kh6 Kf7 57. h8=N+ Kf6 58. Kh7 Rg3
0-1

[Event "XVI Abierto de la Constitucion"]
[Site "San Sebastian de los Reyes"]
[Date "2014.12.05"]
[Round "6.5"]
[White "Lopez De Turiso, Jose Angel"]
[Black "Martin Rodriguez, Emilio"]
[Result "1/2-1/2"]
[WhiteElo "2090"]
[BlackElo "2086"]
[PlyCount "125"]
[EventDate "2014.11.30"]

1. d4 d5 2. c4 c6 3. cxd5 cxd5 4. Nc3 Nf6 5. Bf4 Nc6 6. e3 e6 7. Bd3 Bd6 8.
Bxd6 Qxd6 9. f4 Bd7 10. Nf3 Ng4 11. Qe2 f5 12. h3 Nf6 13. Ne5 a6 14. Rc1 Qe7
15. O-O O-O 16. a3 Nxe5 17. dxe5 Ne4 18. Bxe4 fxe4 19. Rfd1 Rac8 20. Qd2 Rc6
21. Ne2 Rfc8 22. Nd4 Rc4 23. Rxc4 Rxc4 24. Rc1 Qc5 25. Rxc4 Qxc4 26. Qc2 Qxc2
27. Nxc2 Kf7 28. Nd4 Ke7 29. g4 g6 30. Kf2 h6 31. h4 Kf7 32. Ke2 b6 33. Kd2 Ke7
34. Kc3 Kf7 35. Kb4 Ke7 36. a4 a5+ 37. Ka3 Be8 38. b4 axb4+ 39. Kxb4 h5 40. g5
Bd7 41. a5 bxa5+ 42. Kxa5 Be8 43. Kb6 Ba4 44. Kc5 Bd7 45. Nc2 Ba4 46. Nb4 Be8
47. Nc2 Ba4 48. Nb4 Be8 49. Na6 Ba4 50. Kd4 Bb5 51. Nc5 Be8 52. Nb3 Ba4 53. Nd2
Bb5 54. Kc5 Ba6 55. Nb3 Bc8 56. Kb6 Bd7 57. Nc5 Be8 58. Nb3 Ba4 59. Nd4 Bd7 60.
Ne2 Ba4 61. Ng3 Bd1 62. Kc5 Bb3 63. Ne2 1/2-1/2

[Event "XVI Abierto de la Constitucion"]
[Site "San Sebastian de los Reyes"]
[Date "2014.12.05"]
[Round "6.7"]
[White "Lopez Ziegler, Juan Jose"]
[Black "Cabañas Bravo, Juan Andres"]
[Result "0-1"]
[WhiteElo "1510"]
[BlackElo "2058"]
[PlyCount "64"]
[EventDate "2014.11.30"]

1. d4 Nf6 2. Nf3 g6 3. Bf4 Bg7 4. e3 d5 5. Nbd2 O-O 6. Be2 c5 7. c3 Qb6 8. Qc1
Nbd7 9. O-O a5 10. a4 c4 11. Ne1 Re8 12. h3 e5 13. Bh2 exd4 14. cxd4 Qa7 15.
Bf3 Nb6 16. b3 Be6 17. Qc3 Bf8 18. Nc2 Rec8 19. Na3 Bb4 20. Qc2 cxb3 21. Qxb3
Bxd2 22. Nb5 Qa6 23. Bc7 Nc4 24. Be5 Nxe5 25. dxe5 Nd7 26. Bxd5 Bb4 27. Nd6 Rc3
28. Qa2 Ra3 29. Bxe6 Rxa2 30. Bxf7+ Kg7 31. Bxa2 Nxe5 32. Rac1 Qxd6 0-1

[Event "XVI Abierto de la Constitucion"]
[Site "San Sebastian de los Reyes"]
[Date "2014.12.05"]
[Round "6.8"]
[White "Largo Barbero, Benito"]
[Black "Bustos Serrano, Doroteo"]
[Result "1-0"]
[WhiteElo "1929"]
[BlackElo "2057"]
[PlyCount "49"]
[EventDate "2014.11.30"]

1. f4 b6 2. d3 Bb7 3. e4 e6 4. Nf3 Ne7 5. Nbd2 g6 6. e5 Bg7 7. c3 d6 8. d4 Nd7
9. Bd3 a6 10. O-O O-O 11. Qe1 d5 12. g4 Bc8 13. h4 c5 14. h5 cxd4 15. cxd4 f5
16. g5 gxh5 17. Rf2 Ng6 18. Nf1 b5 19. Rh2 Rf7 20. Ng3 Qb6 21. Be3 a5 22. Nxh5
b4 23. Nf6+ Bxf6 24. gxf6 Ba6 25. Bxa6 1-0

[Event "XVI Abierto de la Constitucion"]
[Site "San Sebastian de los Reyes"]
[Date "2014.12.05"]
[Round "6.9"]
[White "Morona Minguez, Miguel"]
[Black "Martinez Miura, Enrique"]
[Result "1-0"]
[WhiteElo "1939"]
[BlackElo "1721"]
[PlyCount "119"]
[EventDate "2014.11.30"]

1. e4 e6 2. d4 d5 3. Nc3 dxe4 4. Nxe4 Nd7 5. Nf3 Be7 6. Bd3 Ngf6 7. O-O Nxe4 8.
Bxe4 Nf6 9. Bd3 O-O 10. c4 b6 11. b3 Bb7 12. Bb2 c5 13. Ne5 Kh8 14. Bc2 cxd4
15. Bxd4 Be4 16. Bxe4 Nxe4 17. Nc6 Qc7 18. Nxe7 Qxe7 19. Bxg7+ Kxg7 20. Qg4+
Ng5 21. h4 Kh8 22. Qxg5 f6 23. Qe3 Rg8 24. g3 f5 25. Qe5+ Rg7 26. Kh2 h5 27.
Rfe1 Re8 28. Rad1 Kh7 29. Rd6 Rg6 30. Red1 Qf7 31. Rd7 Re7 32. Rd8 Rg8 33. Rxg8
Qxg8 34. Qf6 Qg7 35. Qg5 Qxg5 36. hxg5 Kg6 37. f4 e5 38. Rd6+ Kg7 39. Kh3 e4
40. Kg2 Rc7 41. a4 Re7 42. Kf2 Rc7 43. Rf6 Rd7 44. Rxf5 Rd3 45. Rb5 Rf3+ 46.
Kg2 Rd3 47. Re5 e3 48. b4 Rb3 49. b5 Rc3 50. Re7+ Kg6 51. Rxa7 Rxc4 52. Kf3 Re4
53. Ke2 Re6 54. Ra6 Kf5 55. a5 h4 56. gxh4 Kxf4 57. Rxb6 Re5 58. a6 Rc5 59.
Rf6+ Kg4 60. b6 1-0

[Event "XVI Abierto de la Constitucion"]
[Site "San Sebastian de los Reyes"]
[Date "2014.12.05"]
[Round "6.10"]
[White "Reyes Peñas, Sebastian"]
[Black "Camarero Izquierdo, Juan Carlos"]
[Result "0-1"]
[WhiteElo "1563"]
[BlackElo "1828"]
[PlyCount "52"]
[EventDate "2014.11.30"]

1. e4 c5 2. Nf3 d6 3. d4 cxd4 4. Nxd4 Nf6 5. Nc3 a6 6. g3 e6 7. Bg2 Be7 8. O-O
O-O 9. h3 Nbd7 10. Be3 Ne5 11. b3 Bd7 12. Nde2 Rc8 13. a4 Qa5 14. f4 Rxc3 15.
Nxc3 Qxc3 16. Bd4 Qxg3 17. fxe5 Nxe4 18. Bf2 Nxf2 19. Rxf2 Qxe5 20. Bxb7 d5 21.
Bxa6 Bc5 22. Rb1 Qg3+ 23. Kh1 Bxf2 24. Bf1 d4 25. Bg2 Bc6 26. Qf1 Qxh3# 0-1